As I Lay Dying Songs Quiz - Statistics

General Stats
  • This quiz has been taken 25 times
  • The average score is 19 of 91
Answer Stats
Album Song % Correct
An Ocean Between Us Nothing Left
72%
Shadows Are Security | Decas Confined
67%
Shadows Are Security The Darkest Nights
67%
Shadows Are Security Through Struggle
67%
Shaped by Fire Blinded
56%
The Powerless Rise Parallels
56%
Shaped by Fire Shaped by Fire
56%
An Ocean Between Us An Ocean Between Us
50%
The Powerless Rise Anodyne Sea
50%
An Ocean Between Us The Sound of Truth
50%
Frail Words Collapse 94 Hours
44%
An Ocean Between Us Forsaken
44%
An Ocean Between Us Within Destruction
44%
Awakened A Greater Foundation
39%
Awakened Cauterize
39%
Awakened Defender
39%
Decas Electric Eye
39%
An Ocean Between Us Bury Us All
33%
Shadows Are Security Reflection
33%
The Powerless Rise Condemned
28%
Shaped by Fire Gatekeeper
28%
An Ocean Between Us I Never Wanted
28%
Shadows Are Security Meaning in Tragedy
28%
Shaped by Fire Redefined
28%
The Powerless Rise | Decas Upside Down Kingdom
28%
Awakened Whispering Silence
28%
Beneath the Encasing of Ashes | Frail Words Collapse Behind Me Lies Another Fallen Soldier
22%
Beneath the Encasing of Ashes | Decas Beneath the Encasing of Ashes
22%
The Powerless Rise Beyond Our Suffering
22%
An Ocean Between Us Comfort Betrays
22%
Frail Words Collapse | Decas Elegy
22%
As I Lay Dying | American Tragedy | Frail Words Collapse Forever
22%
Shadows Are Security Losing Sight
22%
Awakened My Only Home
22%
Awakened Overcome
22%
Decas Paralyzed
22%
Awakened Resilience
22%
The Powerless Rise | Decas The Blinding of False Light
22%
The Powerless Rise The Only Constant Is Change
22%
The Powerless Rise The Plague
22%
An Ocean Between Us This Is Who We Are
22%
Shaped by Fire Torn Between
22%
Shaped by Fire Undertow
22%
The Powerless Rise Vacancy
22%
The Powerless Rise Without Conclusion
22%
The Powerless Rise Anger and Apathy
17%
Decas Coffee Mug
17%
Awakened No Lungs to Breathe
17%
Shadows Are Security Repeating Yesterday
17%
An Ocean Between Us Separation
17%
Awakened Tear Out My Eyes
17%
Awakened Wasted Words
17%
Shaped by Fire Burn to Emerge
11%
Frail Words Collapse Collision
11%
Shadows Are Security Control Is Dead
11%
An Ocean Between Us Departed
11%
Shadows Are Security Empty Hearts
11%
Frail Words Collapse Falling Upon Deaf Ears
11%
Decas Hellion
11%
As I Lay Dying | American Tragedy | Shadows Are Security Illusions
11%
Shadows Are Security Morning Waits
11%
Decas Moving Forward
11%
Shaped by Fire Only After We've Fallen
11%
Frail Words Collapse Song 10
11%
Shaped by Fire Take What's Left
11%
As I Lay Dying | American Tragedy | Frail Words Collapse The Beginning
11%
Shaped by Fire The Toll It Takes
11%
Shadows Are Security The Truth of My Perception
11%
Shaped by Fire The Wreckage
11%
Frail Words Collapse Undefined
11%
Decas War Ensemble
11%
An Ocean Between Us | Decas Wrath Upon Ourselves
11%
Frail Words Collapse A Thousand Steps
6%
Non-Album Single Destruction or Strength
6%
Frail Words Collapse Distance Is Darkness
6%
Decas From Shapeless to Breakable
6%
Shaped by Fire My Own Grace
6%
As I Lay Dying | American Tragedy Reinvention
6%
As I Lay Dying | American Tragedy | Frail Words Collapse The Pain of Separation
6%
Awakened Unwound
6%
Beneath the Encasing of Ashes A Breath in the Eyes of Eternity
0%
Beneath the Encasing of Ashes A Long March
0%
Beneath the Encasing of Ashes Blood Turned to Tears
0%
Beneath the Encasing of Ashes Forced to Die
0%
Beneath the Encasing of Ashes Refined By Your Embrace
0%
Beneath the Encasing of Ashes Surrounded
0%
Beneath the Encasing of Ashes The Innocence Spilled
0%
Beneath the Encasing of Ashes The Voices That Betray Me
0%
Beneath the Encasing of Ashes Torn Within
0%
Awakened Washed Away
0%
Beneath the Encasing of Ashes When This World Fades
0%
No matching quizzes found
Score Distribution
Percent of People with Each Score
Percentile by Number Answered
Your Score History
You have not taken this quiz